Desarrollo de un sistema de gestión de prácticas empresariales / (Registro nro. 5984)
[ vista simple ]
| 000 -LEADER | |
|---|---|
| fixed length control field | 03321nam a2200253 4500 |
| 005 - DATE AND TIME OF LATEST TRANSACTION | |
| control field | 20250329165509.0 |
| 008 - FIXED-LENGTH DATA ELEMENTS--GENERAL INFORMATION | |
| fixed length control field | 170718s2024 000 0 eng d |
| 040 ## - CATALOGING SOURCE | |
| Original cataloging agency | CO-CtgCURN |
| Language of cataloging | spa |
| Transcribing agency | coctgcurn |
| 082 0# - DEWEY DECIMAL CLASSIFICATION NUMBER | |
| Classification number | TSI 2024 |
| Item number | V145 |
| 100 1# - MAIN ENTRY--PERSONAL NAME | |
| Personal name | Valdez López, Dayana María. |
| 245 10 - TITLE STATEMENT | |
| Title | Desarrollo de un sistema de gestión de prácticas empresariales / |
| Statement of responsibility, etc. | Dayana Maria Valdez Lopez; Jennifer Paola Sanchez Garcia; Docente:Jairo Acosta Solano. |
| 260 ## - PUBLICATION, DISTRIBUTION, ETC. | |
| Place of publication, distribution, etc. | Cartagena de Indias : |
| Name of publisher, distributor, etc. | Corporación Universitaria Rafael Nuñez, |
| Date of publication, distribution, etc. | 2024. |
| 300 ## - PHYSICAL DESCRIPTION | |
| Extent | 78 hojas. |
| 504 ## - BIBLIOGRAPHY, ETC. NOTE | |
| Bibliography, etc. note | Trabajo de grado (Tecnologo en sistemas de información y software). Corporación Universitaria Rafael Nuñez. Facultad de ingenieria de sistema. Tecnologia en sistema de información y software, 2024. |
| 520 ## - SUMMARY, ETC. | |
| Summary, etc. | "En la actualidad de la educación superior, las practicas universitarias desempeñan un papel vital en la formación de los estudiantes y su preparación para el mundo laboral. Estas experiencias no sólo enriquecen su aprendizaje, sino que también les brindan la oportunidad de aplicar el conocimiento adquirido en entornos del mundo real y desarrollar habilidades profesionales.En base a la importancia de las prácticas universitarias, se realizará un sistema de gestión de prácticas para el área de ingeniería de sistemas de la CURN. Este sistema representa un avance significativo en la administración de los datos de estudiantes que realizan prácticas y empresas en las cuales hay vacantes, brindándoles una experiencia más enriquecedora y una mayor eficiencia en todo el proceso. El objetivo principal de este proyecto es proporcionar una plataforma integral que permita al personal administrativo gestionar de manera eficaz todas las fases de las prácticas universitarias. Este proyecto representa un compromiso firme con la mejora continua de la calidad de la CURN. Al implementar el sistema de gestión de prácticas estableceremos un sistema transparente y eficiente que beneficiara mucho al área administrativa de la facultad de ingeniería de sistemas en la universidad. Este sistema de gestión de prácticas universitarias para el área de ingeniería de sistemas de la CURN pretende revolucionar la forma en que se gestionan las experiencias prácticas. Ya que se busca facilitar el proceso para el personal administrativo de la universidad. La implementación de este sistema no solo representa un avance tecnológico, sino también un compromiso con la calidad educativa y la mejora continua. Al centralizar la información y optimizar los procesos." |
| 650 #0 - SUBJECT ADDED ENTRY--TOPICAL TERM | |
| Topical term or geographic name entry element | Sistemas de información y software |
| General subdivision | Tesis y disertaciones academicas. |
| 700 1# - ADDED ENTRY--PERSONAL NAME | |
| Personal name | Sánchez García, Jennifer Paola. |
| 700 1# - ADDED ENTRY--PERSONAL NAME | |
| Personal name | Acosta Solano, Jairo, |
| Relator term | asesor. |
| 856 ## - ELECTRONIC LOCATION AND ACCESS | |
| Uniform Resource Identifier | <a href="https://unicurn.sharepoint.com/:b:/s/biblioteca/ESX-eABFEB1FjaWPUKuULwsBbtHMGvErOL0IQUScDji8nA?e=W7edbF">https://unicurn.sharepoint.com/:b:/s/biblioteca/ESX-eABFEB1FjaWPUKuULwsBbtHMGvErOL0IQUScDji8nA?e=W7edbF</a> |
| Public note | Click aqui para ver el recurso en texto completo |
| 856 ## - ELECTRONIC LOCATION AND ACCESS | |
| Uniform Resource Identifier | <a href="https://unicurn.sharepoint.com/:f:/s/biblioteca/Ep0Hgen5S-BIseUitZCB0gkBUrhioXBrYBWe4i2DwA5POQ?e=Q22HSR">https://unicurn.sharepoint.com/:f:/s/biblioteca/Ep0Hgen5S-BIseUitZCB0gkBUrhioXBrYBWe4i2DwA5POQ?e=Q22HSR</a> |
| Public note | Manual del sistema y del usuario |
| 856 ## - ELECTRONIC LOCATION AND ACCESS | |
| Uniform Resource Identifier | <a href="https://unicurn.sharepoint.com/:f:/s/biblioteca/Ep0Hgen5S-BIseUitZCB0gkBUrhioXBrYBWe4i2DwA5POQ?e=Q22HSR">https://unicurn.sharepoint.com/:f:/s/biblioteca/Ep0Hgen5S-BIseUitZCB0gkBUrhioXBrYBWe4i2DwA5POQ?e=Q22HSR</a> |
| Public note | Programas |
| 942 ## - ADDED ENTRY ELEMENTS (KOHA) | |
| Classification part | TSI 2024 |
| Item part | V145 |
| Source of classification or shelving scheme | Dewey Decimal Classification |
| Koha item type | Trabajos de grado |
| Withdrawn status | Lost status | Damaged status | Not for loan | Collection | Home library | Current library | Shelving location | Date acquired | Cost, normal purchase price | Inventory number | Total checkouts | Full call number | Barcode | Date last seen | Price effective from | Koha item type |
|---|---|---|---|---|---|---|---|---|---|---|---|---|---|---|---|---|
| Trabajos de grado | Miguel Henríquez Castañeda | Miguel Henríquez Castañeda | Trabajo de grado | 09/23/2018 | 35000.00 | 025361 | TSI 2024 V145 | 025361 | 03/29/2025 | 03/29/2025 | Trabajos de grado |